000 00433nam a22001817a 4500
003 OSt
008 240415b |||||||| |||| 00| 0 eng d
020 _a9788184048155
082 _a005.8 Mac
100 _aTIM,Mathur
245 _aCloud Security and Privacy
250 _a11th Ed
260 _aNew Delhi
_bShroff Publishers
_c2023
300 _a312
700 _aKUMARASWAMY,Subra
700 _aLATIF,Shahed
942 _2ddc
_cREF
999 _c12502
_d12502